| 000 | 00839nam0a2200301 4500 | ||
|---|---|---|---|
| 001 | RU\NLR\BIBL_A\011466556 | ||
| 005 | 20240727033342.0 | ||
| 010 | _a9785448358760 | ||
| 021 |
_aRU _b2017-58421 _94147 |
||
| 035 | _a(RuMoRGB)008956437 | ||
| 035 | _a(NLR Aleph) 011466556 | ||
| 090 |
_a11831943 _c11831943 |
||
| 100 | _a20170905d2017 u y0rusy50 ca | ||
| 101 | 0 | _arus | |
| 102 | _aRU | ||
| 105 | _ay|||zzzz000ay | ||
| 200 | 1 |
_aЗаписки неримского папы _fОлег Батлук |
|
| 210 |
_a[Б. м.] _cИздательские решения _d2017 |
||
| 215 |
_a82 с. _d21 |
||
| 333 | _a18+ | ||
| 686 |
_aШ5(2=Р)64-644 _2rubbk |
||
| 686 | 2 | _aШ6(2=Р)8-4 | |
| 700 | 1 |
_aБатлук _bО. _gОлег |
|
| 942 | _cBOOK | ||
| 980 | _aNBR | ||